000 00752nam a22002177a 4500
005 20251108175421.0
008 250721s2013 xx 000 0 ara d
082 1 4 _aط/ق/يوس
100 1 _aأبو يوسف، سناء جميل
245 1 0 _aسارة و أرنوب في الحديقة /
264 1 _aعمان :
_bجمعية المحافظة على القرآن،
_c2013.
300 _a16ص.
490 0 _aالقصص التوضيحية لاحكام التجويد للناشئة (46)
_v4
650 1 7 _aادب الاطفال
650 1 7 _aالقصص العربية
650 1 7 _aالتجويد
650 1 7 _aالقرآن الكريم
653 _aمرحلة اطفال متوسطة(6-9)سنوات
942 _2ddc
_cBK
999 _c133615
_d133615